000 00576nam a2200121 a 4500
008 120416s2004 ||||||||||||||||| || u
050 _aTHESIS/STUDENT
100 _aSimukonde, Benson Kalikonga
245 1 0 _aAdoption of Kaizen events in the Zambian manufacturing and service sector as a competitive business
260 _a2004
_bCopperbelt University, School of Business, Department of Production Management
_c2004
350 _a0.00
995 _D0.00
_FCBU-MAIN LIBRARY (Kitwe)
_H1
_I0.00
_UAVAILABLE
_ZUniversity Collection
999 _c33507
_d33507